| 000 -CABECERA |
| Longitud fija campo de control |
00434nam a22001577a 4500 |
| 003 - IDENTIFICADOR DEL NÚMERO DE CONTROL |
| Identificador del número de control |
OSt |
| 005 - FECHA Y HORA DE LA ÚLTIMA TRANSACCIÓN |
| Fecha y hora de la última transacción |
20140410114047.0 |
| 008 - CÓDIGOS DE INFORMACIÓN DE LONGITUD FIJA |
| Códigos de información de longitud fija |
140410s1988 sp ||||| |||| 00| 0 spa d |
| 020 ## - NÚMERO INTERNACIONAL NORMALIZADO PARA LIBROS |
| Número Internacional Normalizado para Libros (ISBN) |
847368060 |
| 040 ## - FUENTE DE LA CATALOGACIÓN |
| Lengua de catalogación |
cat |
| Centro transcriptor |
CPC Lleida |
| 245 ## - MENCIÓN DE TÍTULO |
| Título |
Protagonistas 1981 |
| Mención de responsabilidad, etc. |
[Lluís Cánovas, Josep Estapé, Fernando Caralt et al.] |
| 250 ## - MENCIÓN DE EDICIÓN |
| Mención de edición |
3a ed. |
| 260 ## - PUBLICACIÓN, DISTRIBUCIÓN, ETC. (PIE DE IMPRENTA) |
| Lugar de publicación, distribución, etc. |
Barcelona |
| Nombre del editor, distribuidor, etc. |
Difusora Internacional |
| Fecha de publicación, distribución, etc. |
1998 |
| 300 ## - DESCRIPCIÓN FÍSICA |
| Extensión |
229 p. |
| Dimensiones |
29,3 cm. |
| 942 ## - ENTRADA DE ELEMENTOS AGREGADOS (KOHA) |
| Koha [por defecto] tipo de item |
Monografies |